| 000 | 01221nam a22002777a 4500 | ||
|---|---|---|---|
| 999 |
_c64260 _d64260 |
||
| 005 | 20240530110722.0 | ||
| 008 | 180402s2017 ua g b 000 0 ara d | ||
| 017 |
_a2015/15864 _bمصر. دار الكتب |
||
| 020 | _a9789774952180 | ||
| 040 |
_aEG-CaGPL _cEG-CaGPL |
||
| 082 | 0 | 4 |
_221 _a953.0739 / _bم أ |
| 100 | 0 | _aمصطفى على ابراهيم دويدار | |
| 245 | 1 | 2 |
_aالامراء الطواشية فى العصرين الايوبى والمملوكى الاول : _b( 567 - 784 هـ / 1171 - 1382 م ) / _cتاليف مصطفى على ابراهيم دويدار |
| 250 | _aط.1 | ||
| 260 |
_aالقاهرة : _bدار العالم العربى ، _c2017. |
||
| 300 |
_a354 ص. ؛ _c24 سم + _eملاحق. |
||
| 490 | 0 | _aصفحات جديدة من التاريخ الاسلامى. | |
| 504 | _aيشتمل على ارجاعات ببليوجرافية | ||
| 650 | 0 | 7 |
_2qrmak _aالاباضية |
| 650 | 0 | 7 |
_2qrmak _aالطواشية |
| 650 | 0 | 7 |
_2qrmak _aالعالم العربى _xتاريخ _yالعصر الايوبى |
| 650 | 0 | 7 |
_2qrmak _aالعالم العربى _xتاريخ _yعصر المماليك |
| 651 | _2qrmak | ||
| 942 |
_2ddc _cBK |
||